000 00304nam a22001457a 4500
003 SGT
020 _a978-81-239-2517-2
082 _a617
_bM15P
100 _aPANDEY, VIVEK
245 _aMANIPAL ORTHOPEDIC
260 _aINDIA
_bCBS
_c2015
300 _a232
650 _aORTHOPEDIC
942 _2ddc
_cBK
_03
999 _c10550
_d10550